Elementary differential equations and boundary value problems / (Record no. 63985)

000 -LEADER
fixed length control field 01266cam a22003494a 4500
001 - CONTROL NUMBER
control field 13323844
003 - CONTROL NUMBER IDENTIFIER
control field NUST - PNEC
005 - DATE AND TIME OF LATEST TRANSACTION
control field 20170116180830.0
008 - FIXED-LENGTH DATA ELEMENTS--GENERAL INFORMATION
fixed length control field 030826s2003 nyua 001 0 eng
010 ## - LIBRARY OF CONGRESS CONTROL NUMBER
LC control number 2003274080
020 ## - INTERNATIONAL STANDARD BOOK NUMBER
International Standard Book Number 0471307890 (Hardback)
020 ## - INTERNATIONAL STANDARD BOOK NUMBER
International Standard Book Number 9812530061 (Pbk)
040 ## - CATALOGING SOURCE
Original cataloging agency DLC
Transcribing agency LIBRARY
Modifying agency DLC
042 ## - AUTHENTICATION CODE
Authentication code pcc
050 00 - LIBRARY OF CONGRESS CALL NUMBER
Classification number QA371
Item number .B773 2003
082 00 - DEWEY DECIMAL CLASSIFICATION NUMBER
Classification number 517.38 BOY
100 1# - MAIN ENTRY--PERSONAL NAME
Personal name Boyce, William E.
245 10 - TITLE STATEMENT
Title Elementary differential equations and boundary value problems /
Statement of responsibility, etc. William E. Boyce, Richard C. DiPrima.
250 ## - EDITION STATEMENT
Edition statement Course advantage, 7th ed.
260 ## - PUBLICATION, DISTRIBUTION, ETC.
Place of publication, distribution, etc. New York :
Name of publisher, distributor, etc. Wiley,
Date of publication, distribution, etc. c2003.
300 ## - PHYSICAL DESCRIPTION
Extent xvi, 745 p. :
Other physical details ill. (some col.) ;
Dimensions 26 cm.
500 ## - GENERAL NOTE
General note Includes index.
650 #0 - SUBJECT ADDED ENTRY--TOPICAL TERM
Topical term or geographic name entry element Differential equations.
650 #0 - SUBJECT ADDED ENTRY--TOPICAL TERM
Topical term or geographic name entry element Boundary value problems.
General subdivision ME
700 1# - ADDED ENTRY--PERSONAL NAME
Personal name DiPrima, Richard C.
856 42 - ELECTRONIC LOCATION AND ACCESS
Materials specified Contributor biographical information
Uniform Resource Identifier <a href="http://www.loc.gov/catdir/bios/wiley046/2003274080.html">http://www.loc.gov/catdir/bios/wiley046/2003274080.html</a>
856 42 - ELECTRONIC LOCATION AND ACCESS
Materials specified Publisher description
Uniform Resource Identifier <a href="http://www.loc.gov/catdir/description/wiley041/2003274080.html">http://www.loc.gov/catdir/description/wiley041/2003274080.html</a>
856 41 - ELECTRONIC LOCATION AND ACCESS
Materials specified Table of contents
Uniform Resource Identifier <a href="http://www.loc.gov/catdir/toc/wiley032/2003274080.html">http://www.loc.gov/catdir/toc/wiley032/2003274080.html</a>
906 ## - LOCAL DATA ELEMENT F, LDF (RLIN)
a 7
b cbc
c origcop
d 3
e ncip
f 20
g y-gencatlg
942 ## - ADDED ENTRY ELEMENTS (KOHA)
Source of classification or shelving scheme
Koha item type Book
Holdings
Withdrawn status Lost status Source of classification or shelving scheme Damaged status Not for loan Permanent Location Current Location Shelving location Date acquired Total Checkouts Full call number Barcode Date last seen Date last checked out Price effective from Koha item type
          Pakistan Navy Engineering College (PNEC) Pakistan Navy Engineering College (PNEC)   07/30/2015 1 517.38 BOY PNECLIB-027638 01/15/2016 01/15/2016 07/30/2015 Book
          Pakistan Navy Engineering College (PNEC) Pakistan Navy Engineering College (PNEC)       517.38 BOY PNECLIB-026248 07/31/2015     Book
          Pakistan Navy Engineering College (PNEC) Pakistan Navy Engineering College (PNEC)       517.38 BOY PNECLIB-014277 10/04/2015     Book
© 2023 Central Library, National University of Sciences and Technology. All Rights Reserved.